00241nam a2200097Ia 4500008004100000022001400041041000800055245004600063260001100109650002300120230206s9999 xx 000 0 und d a0970-2385 aeng aAbhigyan : The Management Journal of Fore bDirect aGeneral Management